El Teatre, servei públic / Jean Vilar ; notes d'Armand Delcampe ; traducció i pròleg de Joan Casas
Descripción Física:
556 p. ; 21 cm
Colección:
Escrits teòrics ; 7
Materias:
Teatre -- Reculls d'escrits
MARC
| LEADER | 00000nam a2200000Ia 4500 | ||
|---|---|---|---|
| 001 | 11777 | ||
| 008 | 160829s1997 xx 000 0 cat d | ||
| 080 | |a B-1-203 | ||
| 100 | |a Vilar, Jean |9 35513 | ||
| 245 | |a El Teatre, servei públic / Jean Vilar ; notes d'Armand Delcampe ; traducció i pròleg de Joan Casas | ||
| 260 | |a Barcelona : |b Diputació de Barcelona, Institut del Teatre, |c 1997 | ||
| 300 | |a 556 p. ; |c 21 cm | ||
| 490 | |a Escrits teòrics ; 7 | ||
| 650 | |a Teatre |x Reculls d'escrits |9 20126 | ||
| 700 | |a Delcampe, Armand |9 35514 | ||
| 700 | |a Casas, Joan, |d 1950- |e traductor i escriptor del pròleg |9 23157 | ||
| 710 | 1 | |a Institut del Teatre (Barcelona, Catalunya) |9 52662 | |
| 901 | |a Arxiu | ||
| 942 | |n 1 |2 udc | ||
| 952 | |0 0 |1 0 |4 0 |6 B1203 |7 1 |9 46936 |a Arxiu |b Arxiu |d 2016-12-01 |l 0 |o B-1-203 |p 11777 |r 2016-12-01 00:00:00 |w 2016-12-01 |y ARXIU | ||
| 999 | |c 50729 |d 50729 | ||